000
00223nam a22001097a 4500
003
OSt
008
231116b |||||||| |||| 00| 0 eng d
041
_a
mal
100
_a
Thikkodiyan
_9
5719
245
_a
Theeppori
942
_c
BK
999
_c
18034
_d
18034